[Event "2nd American Continental"]
[Site "Buenos Aires ARG"]
[Date "2003.08.22"]
[Round "5"]
[White "Altamirano, Benjamin"]
[Black "Santos, Francisco Jose dos"]
[Result "1-0"]
[WhiteElo "2333"]
[BlackElo "2193"]
[EventDate "2003.08.17"]
[PlyCount "88"]

1.c4 f5 2.g3 g6 3.Bg2 Bg7 4.Nc3 Nf6 5.d3 c6 6.e4 d6 7.Nge2 O-O 8.h3 e5 9.
exf5 gxf5 10.Bg5 Be6 11.Qd2 Nbd7 12.b3 Qe8 13.Bh6 Bxh6 14.Qxh6 Qg6 15.
Qxg6+ hxg6 16.d4 e4 17.Bf1 Kg7 18.Nf4 Bf7 19.h4 Rae8 20.Be2 Rh8 21.Ng2 g5 
22.O-O-O g4 23.Rd2 Rc8 24.Kb2 Nb6 25.Ne3 Kg6 26.Bd1 a5 27.a4 Nbd7 28.Bc2 
Rh5 29.Ne2 Bg8 30.Nf4+ Kh6 31.Nxh5 Kxh5 32.Nxf5 d5 33.cxd5 cxd5 34.Rc1 Bh7
35.Ne3 b5 36.Bd1 Rb8 37.axb5 Rxb5 38.Ka3 Rb7 39.Rc6 Bg8 40.Ra6 Nb6 41.Rxa5
Be6 42.Rc2 Ng8 43.Rc6 Bd7 44.Rxb6 Rxb6 1-0

[Event "2nd American Continental"]
[Site "Buenos Aires ARG"]
[Date "2003.08.22"]
[Round "5"]
[White "Alvarez, Hector"]
[Black "Aguilar, Mauricio"]
[Result "1-0"]
[WhiteElo "2216"]
[BlackElo "2133"]
[EventDate "2003.08.17"]
[PlyCount "139"]

1.c4 Nf6 2.Nc3 g6 3.g3 Bg7 4.Bg2 O-O 5.e4 d6 6.Nge2 c6 7.d4 Nbd7 8.O-O e5 
9.h3 Qb6 10.a4 Qb4 11.b3 exd4 12.Ba3 Qb6 13.a5 Qc7 14.Qxd4 c5 15.Qe3 Qxa5 
16.Bb2 Qb6 17.Nb5 a6 18.Bc3 axb5 19.Rxa8 bxc4 20.bxc4 Qb3 21.Rc1 Nb6 22.
Raa1 Nxc4 23.Qd3 Nd7 24.Rcb1 Nde5 25.Rxb3 Nxd3 26.Bxg7 Kxg7 27.Rxd3 b5 28.
Nc3 b4 29.Nb5 Be6 30.f4 Rb8 31.Nxd6 Nxd6 32.Rxd6 c4 33.Bf1 Rc8 34.Rd4 b3 
35.Bxc4 Bxc4 36.Rc1 b2 37.Rb1 Be6 38.Rxb2 Bxh3 39.Kf2 Rc7 40.Rd3 Bg4 41.
Rbd2 Rc4 42.Ke3 Rb4 43.Rc3 Ra4 44.Rd5 Bh3 45.Kf3 h5 46.Rb5 Bg4+ 47.Ke3 Bh3
48.Rbc5 Kf6 49.R5c4 Ra7 50.Rc6+ Be6 51.Kd4 Ra4+ 52.Ke3 Rb4 53.Rd6 Ra4 54.
Rd4 Ra7 55.Rd8 Ra4 56.Rh8 Kg7 57.Re8 Kf6 58.Rd8 Rb4 59.Rd1 Ra4 60.Rf1 Ra5 
61.Kd4 Ra4+ 62.Ke3 Ra5 63.Rf2 Ra4 64.f5 gxf5 65.exf5 Bxf5 66.Rc6+ Kg5 67.
Rc5 Ra3+ 68.Kd4 Ra4+ 69.Kc3 Kg4 70.Rfxf5 1-0

[Event "2nd American Continental"]
[Site "Buenos Aires ARG"]
[Date "2003.08.22"]
[Round "5"]
[White "Alzate, Dario"]
[Black "Gurevich, Dmitry"]
[Result "0-1"]
[WhiteElo "2426"]
[BlackElo "2502"]
[EventDate "2003.08.17"]
[PlyCount "76"]

1.d4 Nf6 2.c4 e6 3.Nc3 Bb4 4.Qc2 c5 5.dxc5 Bxc5 6.Nf3 Qb6 7.e3 Qc7 8.Bd2 
a6 9.Bd3 Be7 10.O-O b6 11.e4 d6 12.b4 Bb7 13.Rfc1 O-O 14.h3 Nbd7 15.Rab1 
Rac8 16.Be3 Qb8 17.a4 h6 18.Bf4 Rfd8 19.Qe2 Qa8 20.Nd2 Ne5 21.Bc2 Nfd7 22.
Be3 Bf6 23.f4 Nc6 24.Qd3 a5 25.e5 dxe5 26.Qh7+ Kf8 27.bxa5 exf4 28.Bxf4 
Bd4+ 29.Kh2 Nf6 30.Qh8+ Ke7 31.Qxg7 Rg8 32.Bd6+ Kxd6 33.Qxf7 Rxg2+ 34.Kxg2
Ne5+ 35.Nde4+ Bxe4+ 36.Bxe4 Nxe4 37.Nb5+ Kc5 38.Qxe6 Rg8+ 0-1

[Event "2nd American Continental"]
[Site "Buenos Aires ARG"]
[Date "2003.08.22"]
[Round "5"]
[White "Arambel, Sergio Javier"]
[Black "Scarella, Enrique Alejandro"]
[Result "0-1"]
[WhiteElo "2245"]
[BlackElo "2374"]
[EventDate "2003.08.17"]
[PlyCount "68"]

1.c4 e5 2.g3 Nf6 3.Bg2 d5 4.cxd5 Nxd5 5.Nc3 Nb6 6.Nf3 Nc6 7.O-O Be7 8.d3 
O-O 9.Be3 Bg4 10.Rc1 Qd7 11.Nd2 Rad8 12.Nb5 a6 13.Bxc6 bxc6 14.Na7 Nd5 15.
Bc5 Bh3 16.Qa4 Bxf1 17.Nxf1 Rfe8 18.Nxc6 Bg5 19.Rc4 Ra8 20.Na5 Qb5 21.Qa3 
Nb6 22.Rg4 Bf6 23.Re4 Rad8 24.Nd2 Rd5 25.Ndb3 Bd8 26.Rb4 Qd7 27.Nc4 e4 28.
Ne3 exd3 29.exd3 Rxd3 30.Qxa6 Bg5 31.Nd4 Rdxe3 32.fxe3 Bxe3+ 33.Kg2 Qd5+ 
34.Kh3 Qxc5 0-1

[Event "2nd American Continental"]
[Site "Buenos Aires ARG"]
[Date "2003.08.22"]
[Round "5"]
[White "Bendana Guerrero, Guy"]
[Black "Tobares, Leandro"]
[Result "1/2-1/2"]
[WhiteElo "2186"]
[BlackElo "2283"]
[EventDate "2003.08.17"]
[PlyCount "35"]

1.d4 Nf6 2.Nf3 e6 3.Bg5 d5 4.Nbd2 Be7 5.e3 O-O 6.Bd3 b6 7.Ne5 Bb7 8.O-O 
Nbd7 9.f4 Ne4 10.Bxe7 Qxe7 11.Rf3 c5 12.c3 Nxe5 13.fxe5 f6 14.exf6 Rxf6 
15.Rxf6 Qxf6 16.Nf3 Rf8 17.Qe2 Ng5 18.Ne5 1/2-1/2

[Event "2nd American Continental"]
[Site "Buenos Aires ARG"]
[Date "2003.08.22"]
[Round "5"]
[White "Bentancor, Franco German"]
[Black "Cordero, Alfredo"]
[Result "0-1"]
[WhiteElo "2177"]
[BlackElo "2323"]
[EventDate "2003.08.17"]
[PlyCount "82"]

1.e4 e5 2.d4 Nc6 3.d5 Nb8 4.Nf3 d6 5.c4 Nf6 6.Nc3 Nbd7 7.Be3 Be7 8.Nd2 O-O
9.g4 Ne8 10.h4 Bxh4 11.Qf3 Bg5 12.O-O-O h6 13.Be2 a6 14.Rh5 f6 15.Rdh1 Rf7
16.Qg3 Nf8 17.Bd3 Bxe3 18.fxe3 Nh7 19.Nf3 Qd7 20.Kb1 Qxg4 21.Qf2 Ng5 22.
Ng1 Qd7 23.Nf3 Nxf3 24.Qxf3 Kf8 25.Be2 f5 26.R5h4 fxe4 27.Qg2 Nf6 28.Qg6 
Qf5 29.Qg1 Bd7 30.Qc1 Ke7 31.c5 Rff8 32.Rg1 Qh7 33.Ka1 Rg8 34.b3 g5 35.Rh2
Qg7 36.Qa3 Rh8 37.Rf2 Raf8 38.Qb4 Ne8 39.Rxf8 Rxf8 40.Nxe4 Qg6 41.Bd3 Rf3 
0-1

[Event "2nd American Continental"]
[Site "Buenos Aires ARG"]
[Date "2003.08.22"]
[Round "5"]
[White "Burgos, Carlos"]
[Black "Zarnicki, Pablo"]
[Result "1/2-1/2"]
[WhiteElo "2335"]
[BlackElo "2530"]
[EventDate "2003.08.17"]
[PlyCount "98"]

1.e4 c6 2.c4 e5 3.d4 Nf6 4.dxe5 Nxe4 5.Qd4 f5 6.exf6 Nxf6 7.Nf3 Bb4+ 8.Nc3
O-O 9.c5 Bxc3+ 10.bxc3 b6 11.Bc4+ Kh8 12.O-O bxc5 13.Qxc5 d6 14.Qd4 Ba6 
15.Ng5 Bxc4 16.Qxc4 Qd7 17.Ba3 h6 18.Ne6 Re8 19.Nf4 d5 20.Qd3 Qf7 21.Qf5 
Nbd7 22.Rae1 Kg8 23.f3 Rxe1 24.Rxe1 Re8 25.Re6 Rxe6 26.Qxe6 g5 27.Qxf7+ 
Kxf7 28.Nd3 Nh5 29.Kf2 Ng7 30.Nb4 Ne5 31.Na6 Ne6 32.Bd6 Nd7 33.Nb4 d4 34.
Nxc6 dxc3 35.Ke3 Nb6 36.Kd3 Nd5 37.g3 a6 38.a3 h5 39.Bb4 c2 40.Bd2 Ne7 41.
Nxe7 Kxe7 42.Be3 g4 43.f4 Ng7 44.Kxc2 Kd6 45.Kd3 Kd5 46.Bb6 Nf5 47.Bd8 Nd4
48.Bf6 Nf5 49.Bc3 Nh6 1/2-1/2

[Event "2nd American Continental"]
[Site "Buenos Aires ARG"]
[Date "2003.08.22"]
[Round "5"]
[White "Burijovich, Liliana"]
[Black "Marcolino, Antonio Claudio"]
[Result "1/2-1/2"]
[WhiteElo "2195"]
[BlackElo "2122"]
[EventDate "2003.08.17"]
[PlyCount "125"]

1.e4 e6 2.d4 d5 3.Nd2 Nf6 4.e5 Nfd7 5.Bd3 c5 6.c3 Nc6 7.Ne2 cxd4 8.cxd4 f6
9.exf6 Nxf6 10.Nf3 Bd6 11.Bf4 Bxf4 12.Nxf4 O-O 13.O-O Ne4 14.Nh5 g6 15.Ng3
Nxg3 16.fxg3 Qb6 17.Kh1 Nxd4 18.Ne5 Rxf1+ 19.Qxf1 Qc7 20.Qf6 Qg7 21.Qd8+ 
Qf8 22.Qg5 Nc6 23.Ng4 Qe7 24.Nf6+ Kh8 25.Bxg6 Qg7 26.Nxh7 Ne7 27.Bd3 Qxg5 
28.Nxg5 Nc6 29.Rf1 Bd7 30.Rf7 Ne5 31.Rh7+ Kg8 32.Nf3 Rc8 33.h3 Nxf3 34.
gxf3 Bb5 35.Bg6 Be8 36.Bd3 Rc1+ 37.Kg2 Rd1 38.Re7 Kf8 39.Be2 Rd2 40.Rxe6 
Rxb2 41.f4 Rxa2 42.Kf3 a5 43.g4 Ra3+ 44.Re3 Ra2 45.h4 a4 46.h5 Bc6 47.Re5 
a3 48.h6 Ra1 49.Rh5 Kg8 50.h7+ Kh8 51.Bd3 a2 52.Rg5 Rf1+ 53.Ke2 Re1+ 54.
Kxe1 a1=Q+ 55.Kd2 Qa5+ 56.Ke2 Qa2+ 57.Ke1 Qa1+ 58.Kd2 Qb2+ 59.Ke1 Qc1+ 60.
Ke2 Qb2+ 61.Ke1 Qc1+ 62.Ke2 Qb2+ 63.Ke1 1/2-1/2

[Event "2nd American Continental"]
[Site "Buenos Aires ARG"]
[Date "2003.08.22"]
[Round "5"]
[White "Caceres Vasquez, Sergio"]
[Black "Frey Perez, Hugo"]
[Result "0-1"]
[WhiteElo "2201"]
[BlackElo "2342"]
[EventDate "2003.08.17"]
[PlyCount "154"]

1.d4 Nf6 2.c4 c5 3.d5 e5 4.Nc3 d6 5.e4 Be7 6.g3 h5 7.Nf3 Na6 8.Bg2 Bd7 9.
O-O Qc8 10.Bd2 Bg4 11.h4 Bd8 12.a3 O-O 13.Qc2 Ba5 14.Rfe1 Nc7 15.Rab1 Bxc3
16.Qxc3 a5 17.b4 axb4 18.axb4 Na6 19.b5 Nb4 20.Qb3 Qc7 21.Bxb4 cxb4 22.
Qxb4 Nd7 23.b6 Qc5 24.Nh2 Ra2 25.Qxc5 Nxc5 26.f3 Bd7 27.Ra1 Rfa8 28.Rxa2 
Rxa2 29.Rb1 Ba4 30.Bf1 g6 31.Rb4 Kg7 32.Rb1 Kf6 33.Bh3 Bc2 34.Rb5 Ba4 35.
Rb1 Bb3 36.Bf1 Ke7 37.Bd3 Rd2 38.Bf1 Ba2 39.Rb5 Rc2 40.Rb4 Rc1 41.Kf2 Rc2+
42.Kg1 Bb3 43.Bd3 Rb2 44.Bf1 Kf6 45.Rb5 Rb1 46.Kf2 Rb2+ 47.Kg1 Rd2 48.Rb4 
Rd1 49.Kf2 Rc1 50.Kg2 Rc3 51.Kf2 Rc2+ 52.Kg1 Ba2 53.Rb5 Bxc4 54.Bxc4 Rxc4 
55.Nf1 Rc3 56.Kf2 Kg7 57.Nd2 f5 58.Rb1 Rc2 59.Ke3 Kf6 60.Rb4 Rc1 61.Rb1 
Rxb1 62.Nxb1 Na4 63.Na3 Nxb6 64.Kd3 Nd7 65.Nb5 Ke7 66.Ke3 Nf6 67.Nc7 fxe4 
68.fxe4 Kd7 69.Nb5 Ne8 70.Kf3 Nc7 71.Nc3 b5 72.Na2 Na6 73.Ke3 Kc7 74.Kd3 
Kb6 75.Nc1 Nc5+ 76.Ke3 Ka5 77.Ne2 b4 0-1

[Event "2nd American Continental"]
[Site "Buenos Aires ARG"]
[Date "2003.08.22"]
[Round "5"]
[White "Campitelli, Guillermo"]
[Black "Bielicki, Carlos"]
[Result "0-1"]
[WhiteElo "2190"]
[BlackElo "2289"]
[EventDate "2003.08.17"]
[PlyCount "68"]

1.d4 Nf6 2.c4 g6 3.Nc3 Bg7 4.e4 d6 5.Bd3 O-O 6.Nge2 e5 7.d5 c6 8.O-O Nbd7 
9.Rb1 cxd5 10.cxd5 a6 11.h3 Nh5 12.Be3 f5 13.exf5 gxf5 14.f4 Nxf4 15.Nxf4 
exf4 16.Bxf4 Ne5 17.Qd2 Bd7 18.Be2 Qf6 19.Nd1 Rac8 20.b3 Ng6 21.Bg5 Qe5 
22.Be3 f4 23.Bb6 Qg5 24.Kh1 Nh4 25.Bf3 Bf5 26.Rc1 Rxc1 27.Qxc1 Rc8 28.Qa3 
Be5 29.Nf2 Nxf3 30.gxf3 Qh5 31.Kg2 Qh4 32.Rg1 Kh8 33.Kh2 Bxh3 34.Nxh3 Rc2+
0-1

[Event "2nd American Continental"]
[Site "Buenos Aires ARG"]
[Date "2003.08.22"]
[Round "5"]
[White "Campora, Daniel Hugo"]
[Black "Monier, Raul"]
[Result "1-0"]
[WhiteElo "2510"]
[BlackElo "2405"]
[EventDate "2003.08.17"]
[PlyCount "193"]

1.e4 e5 2.Nf3 Nc6 3.Nc3 Nf6 4.Bb5 Bb4 5.O-O O-O 6.d3 d6 7.Ne2 Ne7 8.c3 Ba5
9.Ng3 c6 10.Ba4 Ng6 11.d4 Re8 12.Bc2 Bc7 13.Re1 h6 14.h3 Be6 15.Be3 d5 16.
exd5 Bxd5 17.Bxg6 fxg6 18.Nxe5 Bxe5 19.dxe5 Rxe5 20.Qc2 Qe8 21.c4 Bf7 22.
Qc3 Ne4 23.Nxe4 Rxe4 24.Bd4 Rxe1+ 25.Rxe1 Qf8 26.b3 c5 27.Be5 b6 28.Rd1 
Be6 29.Rd6 Re8 30.Rd3 Bf5 31.Re3 Qf7 32.Kh2 Kh7 33.a4 Bc8 34.f3 Bf5 35.Kg3
Qd7 36.Kf2 g5 37.Qc1 Re7 38.Bb2 Rxe3 39.Qxe3 Qd3 40.Qe5 Qd2+ 41.Kg1 Qd1+ 
42.Kh2 Qd7 43.a5 bxa5 44.Qxc5 Bc2 45.Qe3 a4 46.b4 Bb3 47.Qe5 a6 48.Kg3 Kg8
49.c5 Bd5 50.Kf2 Bc6 51.Ke3 Bb5 52.Qd4 Qe7+ 53.Kf2 Qe2+ 54.Kg3 Qe7 55.Qd5+
Qf7 56.Qd6 Qd7 57.Qb8+ Kh7 58.Qa8 Qc7+ 59.Kf2 Qd7 60.Qe4+ Kg8 61.Kg3 Qc7+ 
62.Be5 Qd7 63.Qe3 Qe6 64.Qd4 Qd7 65.Qc3 Kh7 66.Kf2 Kg8 67.Ke3 Qe6 68.Kf2 
Qd7 69.Qc2 Qe6 70.Qe4 a3 71.Qd4 Qd7 72.Qa1 Qe7 73.Bc3 Qe2+ 74.Kg3 Qe7 75.
Qxa3 Qc7+ 76.Kf2 Qd7 77.Qb2 h5 78.Qa2+ Kh8 79.Qd2 Qe7 80.g4 h4 81.Qe3 Qb7 
82.Qxg5 Bc6 83.Qxh4+ Kg8 84.Qd8+ Kh7 85.Qd3+ Kg8 86.h4 Qe7 87.Kg3 Qc7+ 88.
Qd6 Qb7 89.Qd8+ Kh7 90.Qd3+ Kg8 91.h5 Qf7 92.Be5 Bb7 93.Bf4 Qe6 94.Qe3 Qc6
95.h6 gxh6 96.Bxh6 Qd5 97.Qg5+ 1-0

[Event "2nd American Continental"]
[Site "Buenos Aires ARG"]
[Date "2003.08.22"]
[Round "5"]
[White "Castaneda, Carlos"]
[Black "Rodi, Luis Ernesto"]
[Result "1-0"]
[WhiteElo "2148"]
[BlackElo "2221"]
[EventDate "2003.08.17"]
[PlyCount "85"]

1.d4 f5 2.c4 d6 3.Nc3 Nf6 4.g3 g6 5.Bg2 Bg7 6.Nf3 O-O 7.O-O Nc6 8.d5 Ne5 
9.Nxe5 dxe5 10.e4 f4 11.c5 g5 12.Qb3 Kh8 13.Qa4 a6 14.b4 Bd7 15.Qd1 Qe8 
16.a4 Qg6 17.f3 h5 18.Qe1 Rf7 19.Ra2 Raf8 20.b5 g4 21.gxf4 exf4 22.e5 gxf3
23.e6 fxg2 24.Rxg2 Ng4 25.exf7 Qd3 26.Ne4 f3 27.Rd2 Qb3 28.Ng5 f2+ 29.
Rdxf2 Qxd5 30.Qxe7 axb5 31.Bb2 Ne5 32.axb5 Ng6 33.Qf6 Ne5 34.Bxe5 Qxe5 35.
Qxe5 Bxe5 36.Rd1 Bg4 37.Rd5 Bc3 38.h3 Bc8 39.Ne4 Ba1 40.Rxh5+ Kg7 41.Rg5+ 
Kh7 42.Rf1 Bd4+ 43.Kg2 1-0

[Event "2nd American Continental"]
[Site "Buenos Aires ARG"]
[Date "2003.08.22"]
[Round "5"]
[White "Cerda Albornoz, Guillermo"]
[Black "Jorge, Cristian"]
[Result "1-0"]
[WhiteElo "2224"]
[BlackElo "2148"]
[EventDate "2003.08.17"]
[PlyCount "79"]

1.d4 c5 2.d5 e5 3.c4 d6 4.Nc3 g6 5.g3 Bg7 6.Bg2 f5 7.Nf3 Nf6 8.Qa4+ Bd7 9.
Qb3 Qb6 10.Qc2 O-O 11.O-O h6 12.Nh4 Kh7 13.e4 f4 14.gxf4 Na6 15.a3 Nh5 16.
f5 g5 17.Ng6 Rg8 18.Qe2 Nf4 19.Bxf4 gxf4 20.Kh1 Bf6 21.Bf3 Qb3 22.a4 Nb4 
23.Rfc1 Na6 24.Nb5 Qb4 25.Qc2 Qa5 26.Nxd6 Qb6 27.Nf7 Rae8 28.Qc3 Qb4 29.
Nd6 Qxc3 30.bxc3 Rb8 31.Nb5 Ra8 32.Ra3 Be8 33.Bh5 Bxb5 34.axb5 Nc7 35.Rca1
a6 36.Kg2 axb5 37.Rxa8 Nxa8 38.Ra7 bxc4 39.Rxb7+ Rg7 40.Rb8 1-0

[Event "2nd American Continental"]
[Site "Buenos Aires ARG"]
[Date "2003.08.22"]
[Round "5"]
[White "Chtcherbine, Andrei"]
[Black "Mahia, Gustavo"]
[Result "0-1"]
[WhiteElo "2156"]
[BlackElo "2377"]
[EventDate "2003.08.17"]
[PlyCount "82"]

1.Nf3 Nf6 2.c4 g6 3.Nc3 Bg7 4.e4 O-O 5.d4 d6 6.Be2 Nbd7 7.O-O e5 8.Be3 Ng4
9.Bg5 f6 10.Bc1 Nh6 11.Be3 Nf7 12.dxe5 dxe5 13.Qc2 c6 14.Rad1 Qe7 15.a3 
Nc5 16.b4 Ne6 17.c5 Nf4 18.Bc4 Bg4 19.Bxf4 exf4 20.Rd6 Kh8 21.Bxf7 Qxf7 
22.Qd3 Rfe8 23.h3 Be6 24.Rd1 Bf8 25.Rd4 a5 26.Qd2 axb4 27.axb4 Qc7 28.Qc2 
Ra3 29.Na4 Bxh3 30.gxh3 Rxf3 31.R4d3 Rxd3 32.Qxd3 Qe5 33.Nc3 h5 34.Kh1 Bg7
35.Rc1 Ra8 36.Ne2 Ra2 37.Rc2 Ra1+ 38.Rc1 Ra2 39.Rc2 Ra4 40.Qc4 Ra3 41.Kh2 
f3+ 0-1

[Event "2nd American Continental"]
[Site "Buenos Aires ARG"]
[Date "2003.08.22"]
[Round "5"]
[White "Claverie, Raul"]
[Black "Valerga, Diego"]
[Result "0-1"]
[WhiteElo "2303"]
[BlackElo "2496"]
[EventDate "2003.08.17"]
[PlyCount "104"]

1.e4 e5 2.Nf3 Nc6 3.Bc4 Nf6 4.d3 Be7 5.O-O O-O 6.c3 d6 7.Bb3 Na5 8.Bc2 c5 
9.d4 cxd4 10.cxd4 Nc6 11.dxe5 dxe5 12.Nc3 Bg4 13.h3 Bxf3 14.Qxf3 Nd4 15.
Qd1 Rc8 16.a3 Qb6 17.Ra2 Rfd8 18.Bg5 Ne6 19.Qc1 Nxg5 20.Qxg5 Qe6 21.Qf5 
Qxf5 22.exf5 Rd2 23.Bb1 Bc5 24.Ne4 Nxe4 25.Bxe4 b6 26.a4 Kf8 27.a5 bxa5 
28.Rxa5 Rxb2 29.Raa1 Bd4 30.Ra3 Rxf2 31.Rxf2 Rc1+ 32.Kh2 Bxf2 33.f6 Bg1+ 
34.Kg3 gxf6 35.Bxh7 Bc5 36.Rb3 a5 37.Rb1 Rc3+ 38.Kg4 Rc4+ 39.Kh5 a4 40.
Rb8+ Kg7 41.Bd3 Rc3 42.Bb1 Rg3 43.h4 Rxg2 44.Be4 Rd2 45.Rb7 Rd4 46.Bf5 Rb4
47.Rc7 Bf2 48.Bg4 a3 49.Rc2 Bd4 50.Rc7 Bf2 51.Rc2 Ra4 52.Ra2 Bg3 0-1

[Event "2nd American Continental"]
[Site "Buenos Aires ARG"]
[Date "2003.08.22"]
[Round "5"]
[White "Cruz Condori, Alfredo"]
[Black "Mazziotti Irigoyen, Gabriel"]
[Result "0-1"]
[WhiteElo "2244"]
[BlackElo "2238"]
[EventDate "2003.08.17"]
[PlyCount "94"]

1.d4 d5 2.c4 dxc4 3.Nc3 Nf6 4.e3 e6 5.Bxc4 c5 6.Nge2 a6 7.a4 Nc6 8.f3 Qc7 
9.d5 Ne5 10.Ba2 c4 11.O-O exd5 12.Nf4 Be6 13.Nfxd5 Nxd5 14.Nxd5 Qc5 15.Nf4
Bf5 16.b4 Qxb4 17.Qd5 Qd6 18.Bxc4 Nxc4 19.Qxf5 Qe5 20.Qxe5+ Nxe5 21.Bb2 
Nc6 22.Rfc1 f6 23.Nd5 Kf7 24.Rab1 Bd6 25.Kf2 Rab8 26.f4 Rhe8 27.Kf3 f5 28.
Rd1 Bc5 29.Rd3 Rbd8 30.Bc1 b6 31.Rbb3 Re4 32.g4 g6 33.Ba3 Na5 34.Rbc3 Nc4 
35.Bxc5 bxc5 36.Nc7 Rxd3 37.Rxd3 Nb2 38.Rd7+ Re7 39.Rxe7+ Kxe7 40.gxf5 
gxf5 41.a5 Nc4 42.Nxa6 Kd6 43.Ke2 Nxa5 44.Kd3 h5 45.e4 c4+ 46.Ke3 fxe4 47.
Kxe4 Nc6 0-1

[Event "2nd American Continental"]
[Site "Buenos Aires ARG"]
[Date "2003.08.22"]
[Round "5"]
[White "Daneri, Martin"]
[Black "Estrada Nieto, Julian"]
[Result "1/2-1/2"]
[WhiteElo "2175"]
[BlackElo "2332"]
[EventDate "2003.08.17"]
[PlyCount "44"]

1.e4 e5 2.Nc3 Nf6 3.g3 d5 4.exd5 Nxd5 5.Bg2 Nxc3 6.bxc3 Bd6 7.Nf3 O-O 8.
O-O Nd7 9.Re1 Re8 10.d4 exd4 11.cxd4 Rxe1+ 12.Qxe1 h6 13.c4 c6 14.Bb2 Nf6 
15.Ne5 Bf5 16.Rd1 Qe7 17.f4 Re8 18.h3 h5 19.Qe2 Qc7 20.Bf3 Bxh3 21.Bxh5 
Be6 22.Bf3 Qa5 1/2-1/2

[Event "2nd American Continental"]
[Site "Buenos Aires ARG"]
[Date "2003.08.22"]
[Round "5"]
[White "De Dovitiis, Alejo"]
[Black "Ferrara, Alexis"]
[Result "1-0"]
[WhiteElo "2401"]
[BlackElo "2210"]
[EventDate "2003.08.17"]
[PlyCount "45"]

1.e4 c5 2.Nf3 e6 3.c3 Nf6 4.e5 Nd5 5.g3 d6 6.Bg2 Nc6 7.exd6 Bxd6 8.O-O O-O
9.d4 cxd4 10.Nxd4 Nce7 11.Qe2 a6 12.Rd1 Qc7 13.Nd2 Be5 14.N2f3 Bf6 15.Ng5 
Qe5 16.Ne4 Ng6 17.h4 Rd8 18.h5 Nf8 19.c4 Ne7 20.Bf4 Qxd4 21.Nxf6+ Qxf6 22.
Rxd8 Nc6 23.Re8 1-0

[Event "2nd American Continental"]
[Site "Buenos Aires ARG"]
[Date "2003.08.22"]
[Round "5"]
[White "Di Diego, Osvaldo"]
[Black "Benko, Francisco"]
[Result "0-1"]
[WhiteElo "2061"]
[BlackElo "2142"]
[EventDate "2003.08.17"]
[PlyCount "120"]

1.Nf3 d5 2.d4 Nf6 3.e3 e6 4.Bd3 c5 5.b3 Nc6 6.a3 Ne4 7.O-O Bd6 8.Bb2 O-O 
9.Nbd2 f5 10.Ne5 cxd4 11.exd4 Qb6 12.Ndf3 Qd8 13.Nxc6 bxc6 14.Ne5 Bd7 15.
Bxe4 fxe4 16.f3 exf3 17.Rxf3 Bxe5 18.dxe5 Qb6+ 19.Bd4 c5 20.Bf2 Qc7 21.
Rxf8+ Rxf8 22.Qe2 Rc8 23.Bh4 Be8 24.Rf1 Bg6 25.Bg3 c4 26.Bf2 a5 27.b4 axb4
28.axb4 Be4 29.Bc5 h6 30.Bd6 Qa7+ 31.Qf2 Qxf2+ 32.Rxf2 Ra8 33.b5 Ra1+ 34.
Rf1 Ra2 35.b6 Rb2 36.Bc5 Bxc2 37.Rf2 Rb1+ 38.Rf1 Rb3 39.Rf8+ Kh7 40.Rf7 d4
41.Bxd4 Be4 42.Rc7 Bd5 43.h4 h5 44.Kf2 Kg6 45.g3 Rf3+ 46.Ke2 Rb3 47.Kf2 
Kf5 48.b7 Ke4 49.Ba7 Rxb7 50.Rxb7 Bxb7 51.Ke2 c3 52.Kd1 Kf3 53.Bb6 Kxg3 
54.Bd8 Be4 55.Ke2 Kf4 56.Bc7 c2 57.Kd2 g5 58.hxg5 h4 59.g6 Bxg6 60.Bb6 Kf3
0-1

[Event "2nd American Continental"]
[Site "Buenos Aires ARG"]
[Date "2003.08.22"]
[Round "5"]
[White "Dolezal, Cristian"]
[Black "Walsh, Hector"]
[Result "1-0"]
[WhiteElo "2410"]
[BlackElo "2156"]
[EventDate "2003.08.17"]
[PlyCount "97"]

1.e4 c5 2.g3 Nc6 3.Bg2 g6 4.d3 Bg7 5.c3 e6 6.Be3 d6 7.f4 Nge7 8.Nf3 O-O 9.
O-O b6 10.Bf2 Bb7 11.Na3 Qd7 12.Bh3 d5 13.e5 d4 14.c4 Nf5 15.Nc2 Rad8 16.
Re1 Ne3 17.Bxe3 dxe3 18.Rxe3 Nd4 19.Ncxd4 cxd4 20.Re1 b5 21.b3 bxc4 22.
bxc4 Bc6 23.Bg2 Rb8 24.Ng5 Rb2 25.Re2 Rfb8 26.Rc1 Bxg2 27.Kxg2 Qb7+ 28.Ne4
Qa6 29.Rcc2 Qxa2 30.c5 Rxc2 31.Qxc2 Qd5 32.Qa4 Rb7 33.Kf2 h6 34.Qe8+ Kh7 
35.Rc2 Qb3 36.Rd2 Qd5 37.h4 a5 38.Qa4 Ra7 39.Rc2 Qb7 40.c6 Qb6 41.Nd6 Rc7 
42.Qb5 Qa7 43.Ne8 Rc8 44.c7 Qa8 45.Nd6 Qh1 46.Qc6 Qd1 47.Nxc8 Qxd3 48.Nd6 
Qe3+ 49.Kg2 1-0

[Event "2nd American Continental"]
[Site "Buenos Aires ARG"]
[Date "2003.08.22"]
[Round "5"]
[White "Dorin, Mauricio"]
[Black "Arenas, Sergio"]
[Result "1/2-1/2"]
[WhiteElo "2395"]
[BlackElo "2155"]
[EventDate "2003.08.17"]
[PlyCount "113"]

1.e4 Nc6 2.Nc3 e6 3.d4 Bb4 4.Nf3 d6 5.a3 Bxc3+ 6.bxc3 Nf6 7.Bd3 e5 8.h3 
O-O 9.O-O h6 10.Re1 Re8 11.a4 b6 12.Bb2 Bb7 13.Bb5 a6 14.Bxc6 Bxc6 15.d5 
Bd7 16.a5 bxa5 17.c4 c5 18.dxc6 Bxc6 19.Nd2 Nd7 20.Re3 Nc5 21.Qe2 a4 22.
Rg3 Ne6 23.Qe3 Nf4 24.Kh2 Rb8 25.Ba3 Re6 26.Rd1 Qc7 27.Rf3 Rg6 28.g3 Ne6 
29.Qd3 Ng5 30.Re3 Qc8 31.Qf1 Bd7 32.h4 Nh7 33.Rd3 Rb6 34.c5 Rb8 35.c4 Nf6 
36.Rxd6 Ng4+ 37.Kg1 Kh7 38.Qd3 Bc6 39.Rb1 Rxb1+ 40.Qxb1 Nf6 41.Qd3 Bb7 42.
Kh2 Qg4 43.Qf3 Qxf3 44.Nxf3 Ng4+ 45.Kg1 Bxe4 46.Nd2 Bc6 47.Kf1 Rf6 48.f3 
Ne3+ 49.Ke2 Nc2 50.Bb2 Rxd6 51.cxd6 f6 52.Kd3 Nb4+ 53.Kc3 Na2+ 54.Kc2 Nb4+
55.Kc3 Na2+ 56.Kc2 Nb4+ 57.Kc3 1/2-1/2

[Event "2nd American Continental"]
[Site "Buenos Aires ARG"]
[Date "2003.08.22"]
[Round "5"]
[White "Echeguren, Gustavo"]
[Black "Morgado, Juan Sebastian"]
[Result "1/2-1/2"]
[WhiteElo "2091"]
[BlackElo "2275"]
[EventDate "2003.08.17"]
[PlyCount "83"]

1.d4 Nf6 2.c4 e6 3.Nf3 b6 4.g3 Ba6 5.b3 Bb4+ 6.Bd2 Be7 7.Bg2 c6 8.O-O O-O 
9.Bc3 d5 10.Ne5 Nfd7 11.Nxd7 Nxd7 12.Nd2 f5 13.Rc1 Rc8 14.Bb2 Bd6 15.Nf3 
Qe7 16.Rc2 b5 17.c5 Bc7 18.b4 Bb7 19.Ne5 Nxe5 20.dxe5 a5 21.a3 Ra8 22.Qd4 
axb4 23.axb4 Ra4 24.Rcc1 Rfa8 25.Ra1 Qe8 26.e3 h6 27.Bf3 g5 28.Bd1 Rxa1 
29.Bxa1 Qf8 30.Bb2 Bc8 31.f4 Bd7 32.Bb3 Qg7 33.Ra1 Rxa1+ 34.Bxa1 Be8 35.
Qd1 Bd8 36.Bd4 Qa7 37.Qa1 Qxa1+ 38.Bxa1 Bh5 39.Kf2 Bg4 40.Bc2 Kf7 41.Bd3 
Bd1 42.Be2 1/2-1/2

[Event "2nd American Continental"]
[Site "Buenos Aires ARG"]
[Date "2003.08.22"]
[Round "5"]
[White "Escobedo Tinajero, Alberto"]
[Black "Duarte, Leonardo"]
[Result "1/2-1/2"]
[WhiteElo "2405"]
[BlackElo "2207"]
[EventDate "2003.08.17"]
[PlyCount "72"]

1.d4 Nf6 2.c4 c5 3.d5 b5 4.cxb5 a6 5.bxa6 g6 6.Nc3 Bxa6 7.e4 Bxf1 8.Kxf1 
d6 9.g3 Bg7 10.Kg2 O-O 11.Nf3 Nbd7 12.h3 Nb6 13.Qe2 Na4 14.Bg5 Qa5 15.Nxa4
Qxa4 16.Rhe1 Rfb8 17.a3 Qb5 18.Qxb5 Rxb5 19.Re2 h6 20.Bxf6 Bxf6 21.Ra2 
Rab8 22.e5 Bg7 23.exd6 exd6 24.Nd2 Rxb2 25.Nc4 R2b3 26.Nxd6 Rd8 27.Nc4 
Rxd5 28.a4 Rb4 29.Re8+ Kh7 30.a5 Rd7 31.Nb6 Ra7 32.Ra8 Rxa8 33.Nxa8 c4 34.
a6 c3 35.Nc7 Rb2 36.Rxb2 cxb2 1/2-1/2

[Event "2nd American Continental"]
[Site "Buenos Aires ARG"]
[Date "2003.08.22"]
[Round "5"]
[White "Felgaer, Ruben"]
[Black "Szmetan, Jorge"]
[Result "1-0"]
[WhiteElo "2551"]
[BlackElo "2408"]
[EventDate "2003.08.17"]
[PlyCount "69"]

1.e4 c5 2.Nf3 e6 3.d4 cxd4 4.Nxd4 a6 5.Nc3 b5 6.Bd3 Bb7 7.O-O Nc6 8.Nxc6 
Bxc6 9.Qe2 Ne7 10.Bd2 Ng6 11.f4 Bc5+ 12.Kh1 O-O 13.e5 Be7 14.Qh5 f5 15.
exf6 Rxf6 16.Rae1 Nf8 17.Ne4 Rf7 18.Bc3 Qe8 19.Ng5 Bxg5 20.Qxg5 Qe7 21.Qg3
b4 22.Bd4 Qd6 23.Be5 Qd5 24.f5 exf5 25.Rxf5 Ng6 26.Rxf7 Qxf7 27.Bd6 a5 28.
b3 Bd5 29.Rf1 Qe6 30.Re1 Qf7 31.Qg5 Rc8 32.h4 Be6 33.Rf1 Qe8 34.h5 Nh8 35.
Be5 1-0

[Event "2nd American Continental"]
[Site "Buenos Aires ARG"]
[Date "2003.08.22"]
[Round "5"]
[White "Garcia, Gildardo"]
[Black "Perdomo, Leandro"]
[Result "1-0"]
[WhiteElo "2473"]
[BlackElo "2304"]
[EventDate "2003.08.17"]
[PlyCount "163"]

1.e4 e5 2.Nf3 Nc6 3.Bb5 a6 4.Ba4 Nf6 5.O-O Be7 6.Re1 b5 7.Bb3 d6 8.c3 O-O 
9.h3 Nd7 10.a4 Bb7 11.d3 Nc5 12.Bc2 Nxa4 13.Bxa4 bxa4 14.Qxa4 Bf6 15.Nbd2 
Ne7 16.Nc4 Bc6 17.Qc2 Ng6 18.Na5 Bd7 19.d4 Qe7 20.Be3 Nh4 21.Nxh4 Bxh4 22.
dxe5 Qxe5 23.Nc4 Qe6 24.Nd2 Rfe8 25.Ra5 Qg6 26.Kh2 c5 27.Qd3 Bb5 28.Qd5 
Rac8 29.Qa2 Bd8 30.Ra3 a5 31.c4 Bc6 32.Bf4 Bg5 33.Bxg5 Qxg5 34.Rae3 a4 35.
b3 axb3 36.Qxb3 Rb8 37.Qd3 Re6 38.Kg1 Rbe8 39.Qc3 g6 40.Ra1 Qe7 41.f3 Qb7 
42.Rd3 Ra8 43.Rxa8+ Qxa8 44.Nf1 Qa2 45.Ne3 h5 46.Rd1 Qa8 47.Qb2 Qd8 48.Ra1
Qg5 49.Qc3 Qd8 50.Ra6 Bb7 51.Ra7 Qb6 52.Ra3 Bc6 53.Rb3 Qc7 54.Qb2 Re8 55.
Kf2 Qe7 56.Rb6 Ba8 57.Qd2 Rd8 58.Qa5 Kh7 59.Ra6 Bb7 60.Ra7 Rd7 61.Qb6 Kg7 
62.Qb2+ Kh7 63.g4 h4 64.g5 Qxg5 65.Ng4 Qf4 66.Rxb7 Rxb7 67.Qxb7 Qd2+ 68.
Kf1 Qd1+ 69.Kg2 Qe2+ 70.Nf2 Qxc4 71.Qe7 Kg8 72.Qxd6 Qc2 73.Qd8+ Kg7 74.
Qxh4 c4 75.e5 c3 76.Qd4 Kf8 77.Qd8+ Kg7 78.Qf6+ Kg8 79.e6 fxe6 80.Qxe6+ 
Kg7 81.Qd7+ Kg8 82.Qd3 1-0